[Event "Wch U18 Girls"]
[Site "Maribor"]
[Date "2012.11.10"]
[Round "3.14"]
[White "Anilkumar, Akshaya"]
[Black "Klek, Hanna Marie"]
[Result "1/2-1/2"]
[WhiteElo "1999"]
[BlackElo "2254"]
[PlyCount "79"]
[EventDate "2012.11.08"]
[EventType "swiss"]
[EventRounds "11"]
[EventCountry "SLO"]
[SourceTitle "EXT 2013"]
[Source "ChessBase"]
[SourceDate "2012.11.22"]
[SourceVersion "1"]
[SourceVersionDate "2012.11.22"]
[SourceQuality "1"]

1. e4 g6 2. d4 Bg7 3. Nc3 d6 4. Be3 a6 5. a4 b6 6. Nf3 Bb7 7. Bc4 e6 8. 0-0 Nf6 9. d5 e5 10. Nd2 0-0 11. Be2 Nbd7 12. Nb3 Ne8 13. Qd2 Bc8 14. f4 exf4 15. Bxf4 Ne5 16. Nd4 Bd7 17. Rad1 Qc8 18. h3 Qb7 19. Rf2 c5 20. Nf3 Nxf3+ 21. Rxf3 b5 22. axb5 axb5 23. Rdf1 b4 24. Nd1 Bb5 25. c4 bxc3 26. bxc3 Bxe2 27. Qxe2 Qe7 28. Qd3 Ra3 29. Bc1 Ra4 30. Nf2 h5 31. Bf4 Ra3 32. Qc2 c4 33. Rb1 Qa7 34. Qd2 Ra2 35. Rb2 Ra1+ 36. Kh2 h4 37. Bg5 Be5+ 38. Bf4 Bg7 39. Bg5 Be5+ 40. Bf4 1/2-1/2